Loading...
| Literature - European Literature | 0 | 6 | 0 | 1 | 60 | 71 | 89.00 | 0 | 3 |
| Fine Arts - Other Fine Arts | 0 | 5 | 0 | 1 | 50 | 76 | 94.40 | 1 | 4 |
| Fine Arts - Classical Music | 0 | 5 | 0 | 0 | 50 | 31 | 55.40 | 3 | 5 |
| Painting/Sculpture | 0 | 5 | 0 | 0 | 50 | 75 | 83.40 | 0 | 4 |
| Literature - World Literature | 0 | 5 | 1 | 0 | 45 | 59 | 78.00 | 2 | 4 |
| Literature - American Literature | 0 | 3 | 1 | 1 | 25 | 84 | 104.00 | 0 | 2 |
| Literature - British Literature | 0 | 3 | 2 | 1 | 20 | 92 | 95.00 | 0 | 2 |
| Mythology | 0 | 1 | 0 | 1 | 10 | 110 | 110.00 | 0 | 1 |
| History - American History | 0 | 1 | 0 | 0 | 10 | 84 | 84.00 | 0 | 0 |
| Religion | 0 | 1 | 0 | 0 | 10 | 85 | 85.00 | 0 | 0 |
| Philosophy | 0 | 0 | 1 | 0 | -5 | 0.00 | 0 | 0 |